000 00797nam a2200265Ia 4500
003 OSt
005 20220928131028.0
006 a|||||r|||| 00| 0
007 ta
008 220927b |||||||| |||| 00| 0 eng d
020 _c2459.5
024 _a101135
037 _b255, 11/09/2009, Bharatiya Sahitya Bhavana
_cTextual
040 _aSDCL
_cSDCL
_beng
041 _2eng
_aeng
082 _aV43:71'P, P9
100 _aDennell Robin
_9476834
245 0 _aPalaeolithic settlement of Asia.
260 _aCambridge
_bCambridge University Press
_c2009
300 _axxiii,548p
_ccm.
490 _aCambridge world archaeology
650 _aHistory
942 _hV43:71'P, P9
_cTEXL
_2CC
999 _c789299
_d789299